Day #51: Countries 5100 km away from Egypt - Statistics

General Stats
  • This quiz has been taken 14 times
  • The average score is 12 of 18
Answer Stats
Answer % Correct
China
100%
India
100%
Russia
90%
Kazakhstan
80%
Madagascar
80%
Zimbabwe
80%
Angola
70%
Iceland
70%
Mozambique
70%
Nepal
70%
Zambia
70%
Malawi
60%
Gambia
50%
Guinea
50%
Guinea-Bissau
50%
Senegal
50%
Liberia
40%
Sierra Leone
40%
No matching quizzes found
Score Distribution
Percent of People with Each Score
Percentile by Number Answered
Your Score History
You have not taken this quiz